Yüklüyor......

Matrix- tensor methods in continuum mechanics

Detaylı Bibliyografya
Yazar: Borg, S. F.
Materyal Türü: Printed Book
Dil:English
Baskı/Yayın Bilgisi: New Delhi D van Nostrand company, Inc
Konular:
LEADER 00621nam a2200181 a 4500
005 20151028162008.0
008 960221s1955 dcuabcdjdbkoqu001 0deng d
003 ViArRB
082 |a 512.5  |b K3 
100 |a Borg, S. F.  |9 15472 
245 |a  Matrix- tensor methods in continuum mechanics 
300 |c Book  
653 |a Linear multilinear multidimensional algebras  |a Linear multilinear multidimensional algebras  
942 |c BK  |6 _ 
942 |c BK 
260 |a New Delhi  |b D van Nostrand company, Inc 
999 |c 73203  |d 73203 
952 |0 0  |1 0  |4 0  |6 5125_K3  |7 0  |9 85250  |a SOS   |b SOS  |d 0000-00-00  |o 512.5 K3  |p MS002742  |r 2013-06-14  |w 2009-07-13  |y BK